<The> enforcement of property rights and underdevelopment

Gespeichert in:
Bibliographische Detailangaben
1. Verfasser: Dabla-Norris, Era
Weitere Verfasser: Freemann, Scott
Format: Buch
Sprache:Englisch
Veröffentlicht: Washington International Monetary Fund 1999
Schriftenreihe:IMF Working Paper WP/99/127
Schlagworte:
Tags: Tag hinzufügen
Keine Tags, Fügen Sie das erste Tag hinzu!

MARC

LEADER 00000nam a2200000 4500
001 c123790
005 20221221082227.1
041 0 |a eng 
044 |a US 
245 1 0 |a <The> enforcement of property rights and underdevelopment  |c Era Dabla-Noris and Scott Freemann 
264 1 |a Washington  |b International Monetary Fund  |c 1999 
300 |a 22 s. 
490 1 |a IMF Working Paper  |v WP/99/127 
830 0 |a IMF Working Paper  |v WP/99/127 
610 2 0 |a právo vlastnícke 
610 2 0 |a modely rovnováhy 
610 2 0 |a rozvoj hospodársky 
610 2 0 |a vyvlastnenie 
100 1 |a Dabla-Norris, Era 
700 1 |a Freemann, Scott